Гавань: повесть; пер. с серб.-хорв.
| Hlavní autor: | |
|---|---|
| Další autoři: | , |
| Shrnutí: | Исключено из фонда НТБ ТПУ |
| Jazyk: | ruština chorvatština srbština |
| Vydáno: |
Москва, Известия, 1989
|
| Edice: | Библиотека журнала "Иностранная литература" |
| Médium: | MixedMaterials Kniha |
| KOHA link: | https://koha.lib.tpu.ru/cgi-bin/koha/opac-detail.pl?biblionumber=308030 |
MARC
| LEADER | 00000nam0a2200000 4500 | ||
|---|---|---|---|
| 001 | 308030 | ||
| 005 | 20231101012113.0 | ||
| 035 | |a (RuTPU)RU\TPU\book\333338 | ||
| 090 | |a 308030 | ||
| 100 | |a 20151028d1989 m y0rusy50 ca | ||
| 101 | 2 | |a rus |a scr |a scc | |
| 102 | |a RU | ||
| 105 | |a a z 001ay | ||
| 200 | 1 | |a Гавань |e повесть |e пер. с серб.-хорв. |f А. Шолян |g пер. Т. Поповой ; авт. предисл. Л. Графова | |
| 210 | |a Москва |c Известия |d 1989 | ||
| 215 | |a 192 с. |c ил. | ||
| 225 | 1 | |a Библиотека журнала "Иностранная литература" | |
| 333 | |a Исключено из фонда НТБ ТПУ | ||
| 700 | 1 | |a Шолян |b А. |g Антун | |
| 702 | 1 | |a Попова |b Т. |4 730 | |
| 702 | 1 | |a Графова |b Л. |4 080 | |
| 801 | 1 | |a RU |b 63413507 |c 20151028 | |
| 801 | 2 | |a RU |b 63413507 |c 20220602 |g RCR | |
| 942 | |c BK | ||